| 000 | 00506nam a2200193 a 4500 | ||
|---|---|---|---|
| 001 | 1798 | ||
| 005 | 20140414131921.0 | ||
| 008 | 010323s19uu xx 00 eng d | ||
| 020 | _a1-56987-205-8 | ||
| 050 |
_aER _bT42 1994 |
||
| 100 | _aStortz, Diane | ||
| 245 |
_aThumbelina / _cretold by Diane Stortz. |
||
| 260 |
_aAshland, Ohio : _bLandoll, _c1994. |
||
| 300 | _a1 v. p. : ill. ; cm. | ||
| 440 | _aFairy Tale Classics. | ||
| 650 | _aFolktales. | ||
| 650 | _aChildren stories. | ||
| 999 |
_c111758 _d111758 |
||